[Event "RUS-ch rapid"]
[Site "Olginka"]
[Date "2011.04.25"]
[Round "2"]
[White "Lastin, Alexander"]
[Black "Tomashevsky, Evgeny"]
[Result "0-1"]
[WhiteElo "2617"]
[BlackElo "2707"]
[PlyCount "69"]
[EventDate "2011.04.25"]
[EventType "swiss (rapid)"]
[EventRounds "11"]
[EventCountry "RUS"]
[SourceTitle "CBM 141 Extra"]
[Source "ChessBase"]
[SourceDate "2011.05.03"]
[SourceVersion "1"]
[SourceVersionDate "2011.05.03"]
[SourceQuality "1"]

1. e4 e5 2. Nf3 Nc6 3. Bb5 a6 4. Ba4 Nf6 5. 0-0 Be7 6. Re1 b5 7. Bb3 0-0 8. h3 Bb7 9. d3 d6 10. a3 Qd7 11. Nbd2 Nd8 12. c3 c5 13. d4 cxd4 14. cxd4 exd4 15. Nxd4 Re8 16. Bc2 Ne6 17. Nxe6 Qxe6 18. Nf3 Bxe4 19. Ng5 Bxc2 20. Nxe6 Bxd1 21. Nc7 Bb3 22. Nxa8 Nd5 23. Bg5 f6 24. Bh4 Rxa8 25. Rac1 Bf8 26. Bg3 a5 27. Rc6 Rd8 28. Ra6 a4 29. f3 b4 30. Bf2 bxa3 31. bxa3 Nf4 32. Re4 Nd3 33. Bb6 Rc8 34. Rd4 Ne5 35. Kh1 0-1

[Event "RUS-ch rapid"]
[Site "Olginka"]
[Date "2011.04.25"]
[Round "4"]
[White "Lastin, Alexander"]
[Black "Yagupov, Igor"]
[Result "1-0"]
[WhiteElo "2617"]
[BlackElo "2465"]
[PlyCount "56"]
[EventDate "2011.04.25"]
[EventType "swiss (rapid)"]
[EventRounds "11"]
[EventCountry "RUS"]
[SourceTitle "CBM 141 Extra"]
[Source "ChessBase"]
[SourceDate "2011.05.03"]
[SourceVersion "1"]
[SourceVersionDate "2011.05.03"]
[SourceQuality "1"]

1. e4 c5 2. Nf3 Nc6 3. Nc3 e6 4. d4 cxd4 5. Nxd4 Qc7 6. Be2 a6 7. 0-0 Nf6 8. Be3 d6 9. f4 Be7 10. a4 0-0 11. Kh1 Re8 12. Bf3 Bf8 13. Qd2 Nxd4 14. Bxd4 e5 15. Be3 exf4 16. Bd4 Be6 17. Bxf6 gxf6 18. Qxf4 Bg7 19. Rad1 Bc4 20. Be2 Bxe2 21. Nxe2 Qxc2 22. Ng3 f5 23. Nxf5 Qxb2 24. Nxd6 Rf8 25. Nf5 Rae8 26. Rd3 Qe5 27. Rg3 Qb2 28. Rd3 Kh8 1-0

[Event "EU-Cup 26th"]
[Site "Plovdiv"]
[Date "2010.10.21"]
[Round "5.5"]
[White "Lastin, Alexander"]
[Black "Dobrotka, Martin"]
[Result "1-0"]
[WhiteElo "2616"]
[BlackElo "2246"]
[PlyCount "61"]
[EventDate "2010.10.17"]
[EventType "team-swiss"]
[EventRounds "7"]
[EventCountry "BUL"]
[SourceTitle "CBM 139"]
[Source "ChessBase"]
[SourceDate "2010.11.18"]
[SourceVersion "1"]
[SourceVersionDate "2010.11.18"]
[SourceQuality "1"]
[WhiteTeam "Chernigov"]
[BlackTeam "Prievidza"]
[WhiteTeamCountry "UKR"]
[BlackTeamCountry "SVK"]

1. e4 e6 2. d4 d5 3. Nd2 Nf6 4. Bd3 dxe4 5. Nxe4 Nbd7 6. Nf3 Be7 7. c3 Nxe4 8. Bxe4 c5 9. 0-0 Nf6 10. Bc2 cxd4 11. Nxd4 0-0 12. Bf4 Bd6 13. Nxe6 Bxe6 14. Bxd6 Re8 15. Bc5 Bc4 16. Re1 Rxe1+ 17. Qxe1 Qd5 18. Bd4 Re8 19. Qd1 Qg5 20. g3 Qh6 21. Bd3 Ng4 22. h4 Bxd3 23. Qxd3 a6 24. Qf3 Qe6 25. Qxb7 h5 26. b4 Qe2 27. a4 Re4 28. b5 Rxd4 29. Qc8+ Kh7 30. Qf5+ g6 31. Qxf7+ 1-0

[Event "TUR-chT"]
[Site "Konya"]
[Date "2010.07.07"]
[Round "12"]
[White "Solak, Dragan"]
[Black "Lastin, Alexander"]
[Result "1/2-1/2"]
[WhiteElo "2547"]
[BlackElo "2643"]
[PlyCount "61"]
[EventDate "2010.06.29"]
[EventType "team-tourn"]
[EventRounds "13"]
[EventCountry "TUR"]
[SourceTitle "CBM 137 Extra"]
[Source "ChessBase"]
[SourceDate "2010.09.01"]
[SourceVersion "1"]
[SourceVersionDate "2010.09.01"]
[SourceQuality "1"]

1. e4 e6 2. d4 d5 3. Nd2 Be7 4. Bd3 c5 5. dxc5 Nf6 6. exd5 Qxd5 7. Ngf3 Nbd7 8. b4 a5 9. Bc4 Qh5 10. c3 Nd5 11. Bxd5 Qxd5 12. Bb2 axb4 13. cxb4 Rxa2 14. Qb1 Rxb2 15. Qxb2 Bf6 16. Qa2 Bxa1 17. Qxa1 0-0 18. 0-0 b6 19. cxb6 Bb7 20. Rc1 Nxb6 21. Qa5 Qd6 22. Qc5 Rd8 23. h3 h6 24. Qxd6 Rxd6 25. Rc7 Bxf3 26. Nxf3 Rd1+ 27. Kh2 Rb1 28. Ne5 Rxb4 29. Rxf7 Re4 30. Rb7 Rxe5 31. Rxb6 1/2-1/2

[Event "TUR-chT"]
[Site "Konya"]
[Date "2010.07.05"]
[Round "9"]
[White "Citak, Selim"]
[Black "Lastin, Alexander"]
[Result "0-1"]
[WhiteElo "2340"]
[BlackElo "2643"]
[PlyCount "124"]
[EventDate "2010.06.29"]
[EventType "team-tourn"]
[EventRounds "13"]
[EventCountry "TUR"]
[SourceTitle "CBM 137 Extra"]
[Source "ChessBase"]
[SourceDate "2010.09.01"]
[SourceVersion "1"]
[SourceVersionDate "2010.09.01"]
[SourceQuality "1"]

1. d4 Nf6 2. c4 e6 3. Nc3 Bb4 4. Qc2 0-0 5. a3 Bxc3+ 6. Qxc3 d5 7. Nf3 dxc4 8. Qxc4 b6 9. g3 Bb7 10. Bg2 Bd5 11. Qc2 Nc6 12. Be3 Rc8 13. Rd1 Na5 14. Qb1 Nb3 15. Qc2 c5 16. dxc5 Nxc5 17. b4 Nce4 18. Qb2 Qe7 19. 0-0 Nd6 20. Bd4 Rfd8 21. Rc1 Nfe8 22. Rxc8 Rxc8 23. Rc1 Rxc1+ 24. Qxc1 f6 25. Bh3 e5 26. Ba1 Nc4 27. Nd2 Ned6 28. Nxc4 Nxc4 29. Bg2 Be6 30. e3 Qd6 31. Bf1 Nd2 32. Bg2 Nc4 33. Bf1 b5 34. Bc3 Qc6 35. Bxc4 Bxc4 36. Qd2 Qe4 37. f4 Bd5 38. fxe5 fxe5 39. Qe2 Qh1+ 40. Kf2 Qxh2+ 41. Ke1 Qxg3+ 42. Kd2 Bc4 43. Qh5 Qf2+ 44. Kc1 Qxe3+ 45. Kb2 Qf2+ 46. Kc1 Qe3+ 47. Kb2 Qf2+ 48. Kc1 Qg1+ 49. Kb2 Qg2+ 50. Kc1 h6 51. Qxe5 Bd3 52. Kd1 Kh7 53. Bd4 a6 54. Qe3 Bc4 55. Qe5 Qg4+ 56. Kd2 h5 57. Ke3 Qe2+ 58. Kf4 Qg4+ 59. Ke3 h4 60. Qe4+ Qxe4+ 61. Kxe4 Kh6 62. Kf5 Be2 0-1